| 000 | 00000nam##2200000za#4500 |
| 001 | 9.574457 |
| 003 | CaOODSP |
| 005 | 20210624184208 |
| 007 | cr ||||||||||| |
| 008 | 150406|2002||||xxc|||||o f|0| 0 eng|d |
| 040 | |aCaOODSP|beng |
| 043 | |an-cn--- |
| 086 | 1 |aIN5-1/1-2002E-PDF |
| 110 | 1 |aCanada. |bOffice of the Superintendent of Financial Institutions Canada. |bOffice of the Chief Actuary. |
| 245 | 10|aCanada Pension Plan - experience study of disability beneficiaries |h[electronic resource] |
| 260 | |aOttawa - Ontario : |bOffice of the Superintendent of Financial Institutions. |
| 300 | |a44p.|bgraphs, tables |
| 490 | 1 |aActuarial study |vNo. 1, November 2002 |
| 590 | |a12-28-Supp|b2012-06-15 |
| 775 | 08|tRégime de pensions du Canada - étude d'expérience des bénéficiaires de prestations d'invalidité |w(CaOODSP)9.604199 |
| 830 | #0|aActuarial study ;|vNo. 1, November 2002|w(CaOODSP)9.506159 |
| 856 | 40|ahttp://publications.gc.ca|qPDF|s233 KB|uhttps://publications.gc.ca/collections/collection_2012/bsif-osfi/IN5-1-1-2002-eng.pdf|yNo. 1, November 2002 |